SŠA na poroge 90-ch godov. Tendencii mirovogo ekonomičeskogo razvitija.
Výsledky hospodárskej politiky USA v 80. rokoch: uskutočnila sa prestavba a modernizácia technickej základne ekonomiky, celkový výrobný potenciál sa zvýšil. Došlo k prechodu od neokeynesiánskeho k neokonzervatívnemu systému regulovania ekonomiky. Vysoká potreba kapitálu však viedla k zadlženosti vo...
Saved in:
| Main Author: | |
|---|---|
| Format: | Book Chapter |
| Language: | Russian |
| Subjects: | |
| Tags: |
No Tags, Be the first to tag this record!
|
MARC
| LEADER | 00000naa a2200000 4500 | ||
|---|---|---|---|
| 001 | r005987 | ||
| 005 | 20221130103740.1 | ||
| 041 | 0 | |a rus | |
| 044 | |a [SU] | ||
| 245 | 1 | 0 | |a SŠA na poroge 90-ch godov. |b Tendencii mirovogo ekonomičeskogo razvitija. |c O. Bogačeva |
| 520 | |a Výsledky hospodárskej politiky USA v 80. rokoch: uskutočnila sa prestavba a modernizácia technickej základne ekonomiky, celkový výrobný potenciál sa zvýšil. Došlo k prechodu od neokeynesiánskeho k neokonzervatívnemu systému regulovania ekonomiky. Vysoká potreba kapitálu však viedla k zadlženosti vo všetkých sektoroch, zvýšila sa závislosť ekonomiky na kurze dolára. Začínajúca recesia a vysoká vnútorná i zahraničná zadlženosť prinášajú riziko zložitého a dlhého riešenia ekonomických problémov. | ||
| 610 | 2 | 0 | |a USA |
| 610 | 2 | 0 | |a rozvoj hospodársky |
| 610 | 2 | 0 | |a 1990 |
| 610 | 2 | 0 | |a základňa technická |
| 610 | 2 | 0 | |a regulácia hospodárska |
| 610 | 2 | 0 | |a kurz menový |
| 610 | 2 | 0 | |a politika hospodárska |
| 610 | 2 | 0 | |a zadlženosť zahraničná |
| 100 | 1 | |a Bogačeva, O. | |